विकास का विश्वास / (Record no. 67945)

MARC details
000 -LEADER
fixed length control field 02728nam a22002897a 4500
005 - DATE AND TIME OF LATEST TRANSACTION
control field 20120614163057.0
010 ## - LCCN (DPL NO)
LC control number B-483826-832
020 ## - INTERNATIONAL STANDARD BOOK NUMBER
International Standard Book Number 9789380823355
Terms of availability 300.00
035 ## - SYSTEM CONTROL NUMBER
System control number B-483826-832
037 ## - SOURCE OF ACQUISITION
Source of stock number/acquisition के.के.पब्लिकेशंस
082 ## - DEWEY DECIMAL CLASSIFICATION NUMBER
Classification number 080
100 ## - MAIN ENTRY--PERSONAL NAME
Personal name सिन्हा, मृदुला
245 ## - TITLE STATEMENT
Title विकास का विश्वास /
Statement of responsibility, etc मृदुला सिन्हा
260 ## - PUBLICATION, DISTRIBUTION, ETC. (IMPRINT)
Place of publication, distribution, etc नई दिल्ली
Name of publisher, distributor, etc प्रतिभा प्रतिष्ठान
Date of publication, distribution, etc 2012
270 ## - ADDRESS
Address 1661, दखनीराय स्ट्रीट, नेताजी सुभाष मार्ग
City नई दिल्ली
Postal code 110002
300 ## - PHYSICAL DESCRIPTION
Extent 216पृ.
Dimensions 22 सें.मी.(सजिल्द)
942 ## - ADDED ENTRY ELEMENTS (KOHA)
Source of classification or shelving scheme Dewey Decimal Classification
Item type Hindi Books
Call number suffix सिन्हामृ
Classification part 080
Holdings
Withdrawn status Lost status Not for loan Home library Current library Date acquired Cost, normal purchase price Full call number Cost, replacement price Koha item type Collection code Source of acquisition Barcode Copy number
      Andrews Gunj Andrews Gunj 14/06/2012 300.00 सिन्हामृ 300.00 Hindi Books        
      Bawana Bawana 12/10/2012 300.00 080 सिन्हामृ 300.00 Hindi Books Non-fiction के.के.पब्लिकेशंस/2201/17.8.12/1/27.7.12/3.9.12 B-483829 1
      Central Library Central Library 12/10/2012 300.00 080 सिन्हामृ 300.00 Hindi Books Non-fiction के.के.पब्लिकेशंस/2201/17.8.12/1/27.7.12/3.9.12 B-483826 1
      Janak Puri Janak Puri 12/10/2012 300.00 080 सिन्हामृ 300.00 Hindi Books Non-fiction के.के.पब्लिकेशंस/2201/17.8.12/1/27.7.12/3.9.12 B-483828 1
      New Rohtak Road New Rohtak Road 12/10/2012 300.00 080 सिन्हामृ 300.00 Hindi Books Non-fiction के.के.पब्लिकेशंस/2201/17.8.12/1/27.7.12/3.9.12 B-483830 1
      Patel Nagar Patel Nagar 12/10/2012 300.00 080 सिन्हामृ 300.00 Hindi Books Non-fiction के.के.पब्लिकेशंस/2201/17.8.12/1/27.7.12/3.9.12 B-483827 1
      Shahdara Branch Shahdara Branch 12/10/2012 300.00 080 सिन्हामृ 300.00 Hindi Books Non-fiction के.के.पब्लिकेशंस/2201/17.8.12/1/27.7.12/3.9.12 B-483831 1
      Yojana Vihar Yojana Vihar 12/10/2012 300.00 080 सिन्हामृ 300.00 Hindi Books Non-fiction के.के.पब्लिकेशंस/2201/17.8.12/1/27.7.12/3.9.12 B-483832 1

© Delhi Public Library
Hit Counter
free hit counter